Adele - One line from every song - Statistics

General Stats
  • This quiz has been taken 49 times
  • The average score is 16 of 46
Answer Stats
% Correct
19 Make you feel my love I could make you happy, {make} {your} {dreams} {come} {true}, nothing that I wouldn't do
68%
19 Chasing pavements Should I give up? Or should I just keep chasing pavements? Even if {it} {leads} {nowhere}
68%
25 When we were young {Let} {me} {photograph} {you} {in} {this} {light} in case it is the last time that we might be exactly like we were before we realised we were scared of getting old
65%
21 Someone like you I remember you said "{Sometimes} {it} {lasts} {in} {love}, {but} {sometimes} {it} {hurts} {instead}"
62%
25 All I ask It matters how this ends 'cause {what} {if} {I} {never} {love} {again}?
62%
21 Rolling in the deep Think of me {in} {the} {depths} {of} {your} {despair}, make a home down there, as mine sure won't be shared
56%
21 Turning tables I won't let you {close} {enough} {to} {hurt} {me}
53%
30 I drink wine How come we've both become {a} {version} {of} {a} {person} we don't even like?
50%
25 Hello I've forgotten how it felt {before} {the} {world} {fell} {at} {our} {feet}
50%
21 Set fire to the rain My knees were far too weak to stand in your arms {without} {falling} {to} {your} {feet}
50%
19 Hometown glory No and thank you, please Madam, I ain't lost, {just} {wandering}
50%
30 Strangers by nature I'll be taking flowers {to} {the} {cemetery} {of} {my} {heart}
41%
21 Rumour has it But rumor has it I'm the one {you}'{re} {leaving} {her} {for}
38%
30 Hold on Sometimes loneliness is {the} {only} {rest} {we} {get}
38%
21 Don't you remember When was the last time you thought of me? Or have you {completely} {erased} {me} {from} {your} {memory}?
38%
25 Send my love (to your new lover) You told me you were ready, for the big one, for the big jump, {I}'{d} {be} {your} {last} {love}, everlasting, you and me
38%
25 Water under the bridge And if I'm not the one for you you've gotta stop {holding} {me} {the} {way} {you} {do}
35%
21 I'll be waiting But we had time against us {and} {miles} {between} {us}
35%
19 Daydreamer He will feel like he's been there for hours and I can tell that {he}'{ll} {be} {there} {for} {life}
35%
30 Oh my God I'd rather be a fool than {leave} {myself} {behind}
35%
30 Easy on me I had {good} {intentions} {and} {the} {highest} {hopes}, but I know right now that probably doesn't even show
35%
30 To be loved I'm so afraid but I'm open wide I'll be the one {to} {catch} {myself} {this} {time}
35%
30 Can I get it I will beg and I'll steal, I will borrow if I can make, if I can make {your} {heart} {my} {home}
35%
25 Million years ago Sometimes I just feel it's only me who never {became} {who} {they} {thought} {they}'{d} {be}
35%
25 Love in the dark Don't try to change my mind, {I}'{m} {being} {cruel} {to} {be} {kind}
32%
21 One and only I don't know why I'm scared, I've been here before, {every} {feeling}, {every} {word}, I've imagined it all
32%
30 My little love When you lay on me, can you hear {the} {way} {my} {heart} {breaks}?
32%
25 Remedy I remember all of the things that {I} {thought} {I} {wanted} {to} {be}
29%
25 River Lea I should probably tell you now before it's way too late that I never meant {to} {hurt} {you} or to lie straight to your face
29%
30 All night parking When I'm out at a party I'm just excited to get home {and} {dream} {about} {you} all night long
29%
25 Sweetest devotion And there is something 'bout the way you love me {that} {finally} {feels} {like} {home}
26%
25 I miss you Bring your heart, {I}'{ll} {bring} {my} {soul}
26%
30 Woman like me But loving you {was} {a} {breakthrough}, I saw what my heart can really do
26%
19 First love Excuse me first love, but we're through, I need to taste a kiss {from} {someone} {new}
26%
30 Cry your heart out {I} {created} {this} {storm}, it's only fair I have to sit in its rain
26%
19 My same I thought {I} {knew} {myself}, somehow you know me more
26%
30 Love is a game My heartache, it's inevitable, but I'm no good at doing it well, not that I care. Why {should} {anything} {about} {it} {be} {fair}?
26%
21 Lovesong {Whenever} {I}'{m} {alone} {with} {you}, you make me feel like I am whole again
26%
21 Take it all Maybe I should leave, to help you see {nothing} {is} {better} {than} {this} and this is everything we need
21%
19 Melt my heart to stone You say my name like {there} {could} {be} {an} {us}
21%
19 Right as rain Who wants to be riding high when you'll just {crumble} {back} {on} {down}?
18%
19 Best for last I'd like to hear the words roll out of your mouth finally, say that {it}'{s} {always} {been} {me}
15%
21 He won't go What if I lose my heart and {fail} {the} {climb}?
15%
19 Cold shoulder Whenever you look at me {I} {wish} {I} {was} {her}
15%
19 Tired I'm tired of trying, {your} {teasing} {ain}'{t} {enough}, fed up of biding your time when I don't get nothing back
12%
19 Crazy for you Lately with this state I'm in {I} {can}'{t} {help} {myself} {but} {spin}
9%
No matching quizzes found
Score Distribution
Percent of People with Each Score
Percentile by Number Answered
Your Score History
You have not taken this quiz